Noms des 9 îles/atolls des Tuvalu - Statistiques

Statistiques générales
  • Ce quiz a été pris 22 fois
  • Le résultat moyen est 6 sur 9
Statistiques - réponses
Type de quiz Taille (km²) Réponse % Correct
Atoll 2,79 Funafuti
88%
Atoll 2,83 Nui
88%
Ile 2,53 Niutao
75%
Ile 2,78 Nanumaga
63%
Atoll 3,87 Nanumea
63%
Ile 0,42 Niulakita
63%
Atoll 5,60 Vaitupu
63%
Atoll 2,99 Nukufetau
50%
Atoll 1,82 Nukulaelae
50%
Aucun quiz correspondant
Distribution des résultats
% des personnes avec chaque résultat
Percentile par nombre de réponses
Votre historique - résultats
Vous n’avez pas pris ce quiz